| 000 | 00000cas 2200000zi 4500 |
| 001 | 9.905055 |
| 003 | CaOODSP |
| 005 | 20260410082726 |
| 006 | m o d f |
| 007 | cr cn |||||||| |
| 008 | 211118c20159999oncar p o f0###a0eng|d |
| 022 | |a3110-9640 |
| 040 | |aCaOODSP|beng|erda|cCaOODSP |
| 043 | |an-cn--- |
| 086 | 1 |aA101-20E-PDF |
| 222 | 0|aAnnual report |b(Children's Food Project (Canada)) |
| 245 | 00|aAnnual report / |cChildren's Food Project. |
| 246 | 3 |iIssue 2014/2025 has title : |aFinal report |
| 264 | 1|a[Ottawa] : |bCanadian Food Inspection Agency = Agence canadienne d'inspection des aliments, |c[2015]- |
| 310 | |aAnnual |
| 336 | |atext|btxt|2rdacontent |
| 337 | |acomputer|bc|2rdamedia |
| 338 | |aonline resource|bcr|2rdacarrier |
| 362 | 1 |aBegan with: 2014/2015. |
| 500 | |aIssued also in French under title: Rapport annuel. |
| 588 | |aDescription based on: 2015. |
| 588 | |aLatest issue consulted: 2022. |
| 650 | 0|aBaby foods|xContamination|zCanada|vPeriodicals. |
| 655 | 7|aPeriodicals|2lcgft |
| 710 | 2 |aCanadian Food Inspection Agency, |eissuing body. |
| 775 | 08|tRapport annuel ... / |w(CaOODSP)9.958094 |
| 780 | 00|tChildren's food project : |w(CaOODSP)9.905039 |